[Event "Bundesliga 0506"]
[Site "Germany"]
[Date "2005.11.12"]
[Round "3.4"]
[White "Vaganian, Rafael A"]
[Black "Holzke, Frank"]
[Result "1/2-1/2"]
[WhiteElo "2614"]
[BlackElo "2479"]
[Annotator "Krasenkow,M"]
[PlyCount "138"]
[EventDate "2005.10.21"]
[EventType "team-tourn"]
[EventRounds "15"]
[EventCountry "GER"]
[SourceTitle "CBM 110"]
[Source "ChessBase"]
[SourceDate "2006.01.31"]
[SourceVersion "1"]
[SourceVersionDate "2006.01.31"]
[SourceQuality "1"]
[WhiteTeam "Porz"]
[BlackTeam "Wattenscheid"]
[WhiteTeamCountry "GER"]
[BlackTeamCountry "GER"]

1. d4 Nf6 2. c4 g6 3. g3 Bg7 4. Bg2 d5 5. cxd5 Nxd5 6. Nf3 O-O 7. O-O Nb6 8.
Nc3 Nc6 9. e3 e5 10. d5 e4 {A relatively rare move, which is, however, not so
bad.} (10... Na5 {is the main line}) (10... Ne7) 11. dxc6 Qxd1 12. Rxd1 exf3
13. Bxf3 bxc6 14. Rd2 $5 $146 {[%mdl 8] An interesting idea: to transpose the
rook to c2 in order to protect the b2 pawn and press Black's c-pawns - despite
the fact that it takes two important tempi. Of course, White has many other
options:} (14. Bxc6 {is the principled move but Black obtains a decent
compensation for the pawn:} Rb8 15. Nd5 (15. Nb5 Nc4 (15... Bh3 16. Nd4 Nc4 17.
b3 Na5 18. Bg2 Bxg2 19. Kxg2 c5 20. Bd2 cxd4 21. Bxa5 dxe3 22. Rac1 $14 {
1-0 Klebel,M-Vogel,R/Germany 2003/CBM 100 ext (38)}) 16. Nxa7 (16. a4 Bf5 (
16... Bg4 17. f3 Bh3 18. Nxc7 Bxb2 19. Bxb2 Rxb2 20. Nd5 Rfb8 $44 {1/2-1/2
Kursova,M-Gilbert,J/Heraklio 2004/EXT 2005 (37)}) 17. Nd4 Rfd8 18. Bf3 Bh3 (
18... Ne5 19. Be2 Be4 $15) 19. Nc6 Rxd1+ 20. Bxd1 Rb6 21. Bf3 a5 22. Ne7+ Kf8
23. Nd5 Rb3 24. Nxc7 Nxb2 25. Rb1 g5 26. Bd2 Bc3 27. Bd5 {1-0 Muhvic,D-Prizmic,
M/Opatija 1995/EXT 98}) 16... Bg4 17. f3 Be6 18. Bd5 (18. a4 Nxb2 19. Bxb2 Bxb2
20. Rab1 Ba2 21. Nb5 Bxb1 22. Rxb1 Rb6 23. Be4 Be5 24. Rc1 Rd8 25. f4 Bd6 $15 {
0-1 Seres,L-Vegh,E/Budapest 1997/CBM 058 ext/[Adorjan,A; Vegh,E] (39)}) 18...
Bxd5 (18... Bxb2 19. Bxb2 {1/2-1/2 Konopka,M-Seres,L/Hungary 1998/EXT 2000})
19. Rxd5 Bxb2 20. Rb1 Bxc1 21. Rxc1 Nxe3 22. Re5 Nf5 23. Nc6 Ra8 24. Rc2 Ra3
25. Kf2 Rfa8 26. Ree2 Nd6 $11 {1/2-1/2 Tashkov,R-Mogilarov,D/Pamporovo 2001/
CBM 084 ext (32)}) (15. Rd2 Nc4 (15... Ba6 16. a4 Nc4 17. Rc2 Ne5 18. Be4 Rfd8
19. f4 Nd3 20. Nb5 Nxc1 21. Raxc1 Bxb5 22. axb5 Rxb5 23. Rxc7 Bxb2 24. R1c2 a5
$11 {1/2-1/2 Loginov,V-Vokarev,S/Tomsk 2001/CBM 082 ext (33)}) 16. Rc2 Bh3 17.
Ne2 Nxb2 18. Nd4 Nd3 19. Ba3 Nb4 20. Bxb4 Rxb4 21. Bg2 Bxg2 22. Kxg2 Bxd4 23.
exd4 {1/2-1/2 Szmetan,J-Alonso,S/Buenos Aires 1999/EXT 2001}) (15. Bb5 Bg4 16.
Rd2 (16. Rd3 Rfd8 17. e4 Rxd3 18. Bxd3 Rd8 19. Bc2 Nc4 20. Bg5 Rb8 21. Bb3 Nxb2
22. Nd5 Nd3 23. Rb1 Nc5 24. Nxc7 {1/2-1/2 Kuljasevic,D-Szeberenyi,A/Budapest
HUN 2005/The Week in Chess 540}) 16... Nc8 $6 (16... Bf3) 17. Be2 Bxe2 18. Nxe2
Nd6 19. Rc2 Ne4 20. Rxc7 Bxb2 21. Rb1 Bxc1 22. Rbxc1 Rb2 23. R1c2 Rfb8 24. Nd4
$16 {1/2-1/2 Prakken,G-Spielmann,A/Nancy 2004/CBM 098 ext (41)}) (15. Kg2 Nc4
16. Na4 Be6 17. e4 Nxb2 18. Bxb2 Bxb2 19. Nxb2 Rxb2 20. Rd4 {1/2-1/2 Skare,
G-Cerovic,D/Belgrade 2004/EXT 2005}) (15. Bf3 Nc4 16. Nd5 Be6 17. Nxc7 Nxb2 18.
Bxb2 Bxb2 19. Nxe6 fxe6 20. Bg4 Bxa1 21. Bxe6+ Kg7 22. Rxa1 $11 {Sorokina,
T-Behl,T/Budapest 1996/Inf 69/[Adorjan,A; Vegh,E]}) (15. a4 $5 Nc4 16. Bb5 Nxb2
$2 (16... Be6) 17. Bxb2 a6 18. Ba3 $16 {1-0 Berry,J-Poitras,L/Richmond 2002/
CBM 088 (58)}) 15... Nxd5 (15... Nc4 16. Ne7+ Kh8 17. Nxc8 Rfxc8 18. e4 (18. a4
Nxb2 19. Bxb2 {1/2-1/2 Katajainen,K-Van Linde,P/Helsinki 2002/EXT 2004}) (18.
Ba4 Nxb2 19. Bxb2 Bxb2 $2 (19... Rxb2 $1 20. Bb3 Rxb3 21. axb3 Bxa1 22. Rxa1
Ra8 $10) 20. Rab1 Be5 21. Bb3 f5 22. Rd5 $1 $14 {1/2-1/2 Akhmilovskaya,
E-Chiburdanidze,M/Sofia/Borzomi (m4) 1986/[Chiburdanidze,M] (35)}) 18... Nxb2
19. Bxb2 Rxb2 20. Bd5 (20. a4 Rcb8 21. Rac1 Bh6 22. Rc5 Re2 $6 (22... Rb1 23.
Rxb1 Rxb1+ 24. Kg2 Rc1 $11) 23. Bb5 Rxe4 24. Rxc7 $16 {1-0 Garcia Paolicchi,
R-Bernabe Duran,F/La Pobla de Lillet 1998/EXT 2004 (32)}) 20... c5 21. Rac1 Rc7
(21... Rb4 $5 22. f4 Bd4+) 22. f4 (22. Bb3 Bf6 23. Kg2 $6 Bg5 24. Rc4 Be3 25.
Kf3 Bxf2 26. Bc2 Rb4 27. Bb3 Rxc4 28. Bxc4 Bd4 {1/2-1/2 McNab,C-Kratochwil,C/
Cappelle la Grande 1995/EXT 97}) 22... h6 23. e5 g5 24. Bb3 $16 {1-0
Waldschlaeger,J-Andre,W/Germany 1992/EXT 2003 (36)}) 16. Bxd5 Bg4 (16... Bh3
17. Rd2 Rfd8 18. Bb3 c5 19. Rxd8+ Rxd8 20. Bc2 Be6 21. Kf1 Bc4+ 22. Ke1 Rb8 23.
Rb1 Bxa2 24. Ra1 Be6 25. Rxa7 Bxb2 $11 {1/2-1/2 Fernandez Murga,R-Alonso,S/
Buenos Aires 2000/EXT 2002 (30)}) 17. f3 Bh3 (17... Be6 18. Bxe6 fxe6 19. Kf2
Bxb2 20. Rb1 Bxc1 21. Rdxc1 c5 22. Ke2 Rb6 23. Rb3 Rc8 24. Rc4 Rc7 25. Kd2 Kf7
26. Kc2 Ke7 27. h4 Ra6 28. a3 Rb6 {1/2-1/2 Banusz,T-Fogarasi,T/Budapest HUN
2005/The Week in Chess 544 (33)}) 18. Rb1 Rfd8 19. Rd2 Bh6 $44 {0-1 Olaizola
Ortega,L-Alonso,S/Mislata 2003/CBM 095 ext (41)}) (14. Ne2 Nc4 (14... Rb8 15.
Nd4 c5 16. Nc6 Bb7 17. Kg2 (17. a4 Bxc6 18. Bxc6 Nc4 19. Ra2 Rfd8 20. Rxd8+
Rxd8 21. Bf3 Nd2 22. Bxd2 Rxd2 23. a5 Bxb2 24. a6 $2 c4 25. Ra4 c3 26. Rc4 c2 {
0-1 Lagowski,P-Szeberenyi,A/Balatonlelle 2003/EXT 2004}) 17... Bxc6 18. Bxc6
Nc4 19. Rd7 Rfc8 (19... Nxb2 $5 20. Rb1 c4) 20. Rd5 Nxb2 21. Bxb2 Bxb2 22. Rad1
c4 23. Rc5 $14 {Pytel,K-Saucey,M/Clermont_Ferrand (open) 1989/Inf 48}) 15. Nd4
Rb8 (15... Rd8 16. Nxc6 Rxd1+ 17. Bxd1 Bb7 18. Bf3 Bxc6 19. Bxc6 Rd8 20. Bf3 f5
21. Be2 Na3 22. f3 c5 $44 {0-1 Sagall,R-Dausch,R/Cappelle la Grande 1994/EXT
99 (63)}) (15... Ne5 $5 16. Bg2 Bg4 17. f3 c5 $1 18. fxg4 Rad8 19. h3 cxd4 20.
exd4 Nc4 21. b3 Rxd4 22. Bf4 Rfd8 23. Re1 Nb2 24. Bf1 Nd3 25. Bxd3 Rxf4 $1 {
1/2-1/2 Donchenko,A-Vokarev,S/Moscow 2003 2003/Inf 87/[Vokarev,S ]}) 16. Bxc6
Nxb2 (16... Rd8 17. Bf3 Rb6 18. b3 Ne5 19. Be2 c5 20. Nc2 Rxd1+ 21. Bxd1 Bf5
22. Bb2 Rd6 $44 {0-1 Dugandzic,B-Prizmic,M/Opatija 1995/EXT 98 (40)}) (16...
Rb6 17. Bb5 Bg4 18. Re1 Ne5 19. Be2 c5 20. Nb3 Nf3+ 21. Bxf3 Bxf3 22. Nxc5 Rd8
$44 {0-1 Gauglitz,G-Bjerring,K/Balatonbereny 1987/EXT 2004 (39)}) 17. Rd2 Nc4
18. Rc2 Ba6 19. a4 Rb6 20. Bb5 Bxb5 (20... c5 21. Rxc4 cxd4 22. exd4 Bxb5 23.
axb5 Rxb5 24. Rxa7 Rb1 25. Rac7 $16 {1-0 Stempin,P-Bjerring,K/Lyngby 1989/EXT
97 (51)}) 21. axb5 Nd6 $11) (14. Rb1 Rb8 15. Bd2 Nc4 $44 {1/2-1/2 Parkkinen,
J-Van Linde,P/Vantaa 1999/EXT 2000 (38)}) (14. Bd2 $5 Nc4 15. Na4 Rb8 $44)
14... Rb8 15. Rc2 Rd8 16. e4 Nc4 17. Be2 Be6 18. b3 Nd6 19. Bb2 {White has
developed his pieces; Black is more active and must urgently make use of this
fact - otherwise his pawn weaknesses will be decisive.} f5 (19... c5 $5 {
[%cal Yc5c4]} 20. Nd5 $5 {[%cal Od5c7,Rd5e7,Re7c6]} Bxb2 21. Rxb2 Bxd5 22. exd5
c4 $5 (22... Nf5 23. Bc4 $14)) 20. e5 (20. Na4 $1 {was good enough to obtain a
small edge:} Bxb2 21. Nxb2 fxe4 (21... Nxe4 22. f3) 22. Rxc6 $14 {[%csl Rc7]})
20... Bxe5 21. Re1 Re8 22. Bf3 Bd7 {The c6 pawn is still alive!} 23. Rd1 (23.
Na4 Bxb2 24. Rxe8+ Rxe8 25. Nxb2 f4 $5) 23... f4 $1 {Black must urgently
create kingside counterplay.} 24. Na4 (24. gxf4 Bg7 $1 (24... Bxf4 $143 25. Ne4
$1)) 24... Bxb2 25. Nxb2 Re7 26. Nd3 fxg3 27. hxg3 Rf8 28. Bxc6 Bf5 29. Rcc1 (
29. Rc5 $5) 29... Bxd3 30. Rxd3 Re2 31. Bf3 (31. Bd5+ Kh8 32. Rxc7 Rxa2 33. Rd7
Ne8 $1 34. Bf7 Nf6 35. Rc7 a5 {and Black shouldn't lose.}) 31... Rxa2 32. Rxc7
{In this open position the bishop is stronger than the knight; however, there
are too few pawns on the board, which restricts White's winning chances.} Ne8
33. Rb7 Nf6 34. b4 Rf7 35. Rd8+ Kg7 36. b5 Rxb7 37. Bxb7 Ng4 $132 38. Ra8 (38.
Rd7+ $5 Kh6 39. Rf7 Ra1+ $5 40. Kg2 Ra2) 38... Nxf2 39. Bg2 {This leads to a
forced draw.} (39. Bc8 Nd3 40. b6 Ra1+ 41. Kg2 Ra2+ 42. Kf3 Rf2+ 43. Ke3 axb6
44. g4 Kf6 45. Kxd3 h5 $11) (39. b6 $1 Nh3+ 40. Kh1 Nf2+ 41. Kg2 $1 {was the
only chance for a win as after} Nd3+ (41... Ne4+ 42. Kf3 Nd2+ 43. Kg4) 42. Kf3
Rf2+ 43. Ke3 axb6 44. Kxd3 {Black couldn't capture the g3 pawn.}) 39... Ng4 40.
b6 Ra1+ 41. Bf1 Rxf1+ 42. Kxf1 axb6 43. Ra7+ Kh6 44. Ke2 g5 45. Rb7 Kg6 46.
Rxb6+ Nf6 47. Rb5 h5 48. Ke3 h4 49. gxh4 gxh4 50. Kf4 Nh5+ 51. Kg4 Nf6+ 52.
Kxh4 {Well, on the same BL weekend GM S.Kindermann lost such an endgame to GM
S.Movsesian but wonders don't happen every day...} Nh7 53. Kg4 Nf6+ 54. Kf4
Nh5+ 55. Ke5 Kg5 56. Rb1 Ng3 57. Rb8 Kg4 58. Rg8+ Kf3 59. Rg5 Ne2 60. Rf5+ Kg4
61. Rf2 Ng3 62. Rf4+ Kg5 63. Rc4 Ne2 64. Re4 Ng3 65. Rb4 Ne2 66. Ke4 Ng3+ 67.
Kf3 Nf5 68. Rb5 Kf6 69. Kf4 Nd6 1/2-1/2

[Event "Bundesliga 0405"]
[Site "Germany"]
[Date "2005.04.09"]
[Round "14.3"]
[White "Aronian, Levon"]
[Black "Ftacnik, Lubomir"]
[Result "1/2-1/2"]
[WhiteElo "2675"]
[BlackElo "2533"]
[Annotator "Krasenkow,M"]
[PlyCount "103"]
[EventDate "2004.11.12"]
[EventType "team-tourn"]
[EventRounds "15"]
[EventCountry "GER"]
[SourceTitle "CBM 107"]
[Source "ChessBase"]
[SourceDate "2005.08.01"]
[SourceVersion "1"]
[SourceVersionDate "2005.08.01"]
[SourceQuality "1"]
[WhiteTeam "Kreuzberg"]
[BlackTeam "Hamburger SK"]
[WhiteTeamCountry "GER"]
[BlackTeamCountry "GER"]

1. d4 Nf6 2. c4 g6 3. Nf3 Bg7 4. g3 d5 5. cxd5 Nxd5 6. Bg2 Nb6 7. Nc3 Nc6 8. e3
O-O 9. O-O Re8 10. d5 Na5 11. Nd4 Bd7 12. e4 Rc8 13. Nb3 {An attempt to make
use of Black's delay of ...c6. The normal lines are:} (13. Re1) (13. Bf4) 13...
Nxb3 (13... Nac4 14. Nc5) (13... Nbc4 $5) 14. axb3 {[%cal Ra1a7]} (14. Qxb3 c6)
14... a6 15. Be3 e6 (15... c6 $2 {now leads to material losses due to} 16. dxc6
Rxc6 $8 17. e5 $16) 16. Re1 (16. f4 exd5 17. Bxb6 cxb6 18. e5 Be6 19. Nxd5 Rc5
$132) 16... Rb8 {[%cal Yb6c8,Yc8d6] Planning the evacuation of the knight.} (
16... exd5 17. exd5 Bf5 $5 18. d6 c6) 17. Bxb6 {White changes the character of
the position.} cxb6 18. e5 exd5 19. f4 Be6 20. Bxd5 $11 {Black's bishop pair 
(and later B vs N in an asymmetric position) is compensated by White's space
advantage.} b5 21. Bxe6 Qb6+ 22. Kg2 Qxe6 23. Qd5 Rbd8 24. Qxe6 Rxe6 25. Rad1
Rxd1 26. Rxd1 f6 {Opening up the game for his bishop is vital for Black, even
though the white pieces become very active. The draw soon becomes inevitable.}
27. Rd8+ Bf8 28. exf6 Rxf6 29. Nd5 Rf7 30. Kf3 Kg7 31. g4 Be7 32. Rc8 Bf6 {
[%csl Rb2]} 33. Rc2 Rd7 34. Ke4 Kf7 35. b4 h6 36. b3 Kg7 37. Rc5 Kf7 38. h3 Be7
39. Nxe7 Rxe7+ 40. Re5 Rxe5+ 41. Kxe5 b6 42. Kd5 a5 43. bxa5 bxa5 44. Kc5 a4
45. bxa4 bxa4 46. Kb4 Ke6 47. Kxa4 Kd5 48. Kb3 Ke4 49. f5 gxf5 50. gxf5 Kxf5
51. Kc3 Kg5 52. Kd3 1/2-1/2

[Event "Solin 12th"]
[Site "Solin/Split"]
[Date "2004.12.07"]
[Round "5"]
[White "Dizdarevic, Emir"]
[Black "Brkic, Ante"]
[Result "1/2-1/2"]
[WhiteElo "2538"]
[BlackElo "2454"]
[Annotator "Krasenkow,M"]
[PlyCount "91"]
[EventDate "2004.12.03"]
[EventType "tourn"]
[EventRounds "9"]
[EventCountry "CRO"]
[EventCategory "10"]
[SourceTitle "CBM 105"]
[Source "ChessBase"]
[SourceDate "2005.04.11"]
[SourceVersion "1"]
[SourceVersionDate "2005.04.11"]
[SourceQuality "1"]

1. Nf3 Nf6 2. c4 g6 3. g3 Bg7 4. Bg2 d5 5. cxd5 Nxd5 6. d4 Nb6 7. Nc3 Nc6 8. e3
O-O 9. O-O Re8 10. d5 Na5 11. Nd4 Bd7 12. Qc2 {A fresh but not too fortunate
idea instead of the normal} (12. Nb3) 12... Qc8 {[%cal Yc7c6,Yd7h3,Yc7c5]} 13.
Rd1 (13. a4 c5 14. Nb3 Nxb3 15. Qxb3 c4 16. Qc2 Bh3 17. e4 Bxg2 18. Kxg2 e6 19.
a5 Nd7 20. Ra4 Ne5 21. Be3 f5 22. Bd4 exd5 23. Nxd5 fxe4 24. Bxe5 Rxe5 25. Rxc4
Qf8 {1/2-1/2 Csom,I-Ftacnik,L/Debrecen 1989/CBM 014 (25)}) 13... c6 {This is
probably even better than} (13... c5 14. Nde2 Nac4 15. b3 Nd6 16. Bb2 Bh3 17.
Bh1 c4 18. Rac1 Qf5 19. e4 Qg5 20. b4 Bg4 21. Re1 Red8 22. Nf4 Be5 23. Nce2
Bxb2 24. Qxb2 Rac8 25. h4 Qh6 26. Qa3 Bxe2 27. Qxa7 Nd7 28. Rxe2 Ne5 29. Qd4
Qg7 30. Qd2 b5 31. Rc3 Ra8 32. a3 Ra4 {1/2-1/2 Barr,E-Callison,S/IECC 2000/
Telechess CBM 89 (32).}) 14. b4 c5 $1 {The idea of Black's previous move. He
seizes the initiative.} 15. bxc5 (15. bxa5 $2 cxd4 16. exd4 Ba4 $1) 15... Qxc5
16. Bd2 Rac8 17. Rac1 Nac4 $36 18. Be1 (18. h3 $5) 18... Bg4 $1 19. Nce2 (19.
Bf3 Bxf3 20. Nxf3 Red8 21. e4 e6 $36) 19... Qd6 {It is not easy for White to
protect the d5 pawn.} 20. Bc3 (20. Qb3 $5 Bxd4 21. Rxd4 Bxe2 22. Rc2 Bh5 23. g4
) 20... Qd7 $6 (20... Nxd5 $17 {was quite possible as} 21. Nb5 {didn't work
due to} Nxc3 $1 22. Nxd6 Nxe2+) 21. Qe4 (21. e4 Na4 $1) 21... Na4 $6 (21... f5
$5 $17 22. Qb1 $140 $2 (22. Qc2 Na4 $17) (22. Qd3 Ne5 $17) 22... Bxd4 23. Nxd4
Bxd1 24. Rxd1 Nxe3 $1) 22. Ba1 Nab2 ({Now after} 22... f5 23. Qb1 Bxd4 24. Nxd4
Bxd1 25. Rxd1 {White has a compensation for the exchange as the position of
the black king is compromised.}) 23. Bxb2 Nxb2 24. Rd2 Bxe2 {After this
exchange White easily equalizes.} (24... Rxc1+ $142 25. Nxc1 Nc4 26. Rc2 Nd6
27. Qd3 Rc8 $15) 25. Nxe2 Rxc1+ 26. Nxc1 Rc8 27. Nb3 Nc4 (27... b5 $5) 28. Rc2
Nd6 29. Rxc8+ Nxc8 30. h4 h5 31. Qb4 Nd6 32. Nc5 Qc7 33. Ne4 a5 34. Qb1 Nxe4
35. Bxe4 b6 36. Kg2 Qc5 37. a4 Kf8 38. Qb3 Bc3 39. Bd3 Qb4 40. Qc2 Qb2 41. Qxb2
Bxb2 42. f4 f5 43. e4 fxe4 44. Bxe4 Kg7 45. Kf3 Bd4 46. Bd3 1/2-1/2

[Event "CRO-ch"]
[Site "Zagreb"]
[Date "2004.11.19"]
[Round "4"]
[White "Kuljasevic, Davorin"]
[Black "Kozul, Zdenko"]
[Result "0-1"]
[WhiteElo "2410"]
[BlackElo "2640"]
[Annotator "Krasenkow,M"]
[PlyCount "128"]
[EventDate "2004.11.16"]
[EventType "tourn"]
[EventRounds "11"]
[EventCountry "CRO"]
[EventCategory "10"]
[SourceTitle "CBM 105"]
[Source "ChessBase"]
[SourceDate "2005.04.11"]
[SourceVersion "1"]
[SourceVersionDate "2005.04.11"]
[SourceQuality "1"]

1. d4 g6 2. Nf3 Bg7 3. c4 Nf6 4. g3 d5 5. cxd5 Nxd5 6. Bg2 Nb6 7. Nc3 Nc6 8. e3
O-O 9. O-O Re8 10. d5 Na5 11. Nd4 Bd7 12. e4 c6 13. Re1 cxd5 14. exd5 Nac4 15.
b3 Nd6 16. Bf4 Rc8 17. Qd2 {This line was examined in CBM85, CBM95.} Nf5 {
[%mdl 32] The other moves are insufficient for equality:} (17... Na8 {[%cal
Ya8c7,Yc7a6]} 18. Rad1 (18. Be5 Bxe5 19. Rxe5 Qa5 20. Re3 Nc7 21. a4 (21. Rae1
Ncb5 22. Ndxb5 Nxb5 23. Ne4 Qxd2 24. Nxd2 Kf8 25. Nc4 $14 {Ftacnik}) 21... Na6
22. Rae1 Qb4 23. R1e2 Bg4 24. Re1 Bd7 25. h4 Nc5 $132 {0-1 Tkachiev,V-Ye
Jiangchuan/Shanghai 2001/CBM 085/[Ftacnik] (48)}) 18... Qa5 19. Ne4 $1 Qxd2 20.
Rxd2 Nc7 21. Bxd6 exd6 22. Rf1 Bb5 23. Nxd6 Bxf1 24. Bxf1 Nxd5 25. Nxc8 Rxc8
26. Nf5 gxf5 27. Rxd5 f4 28. Rd7 $16 {1-0 Rogozenko,D-Ftacnik,L/Hamburg 2004/
CBM 100 ext (62)}) (17... Bf5 18. a4 a6 19. Rac1 Qd7 20. h4 Bh3 21. Bh1 h5 22.
Kh2 Bg4 23. Bg2 Nf5 24. Nxf5 Bxf5 25. d6 $1 exd6 26. Rxe8+ Rxe8 27. a5 Nc8 28.
Nd5 $16 {1-0 Miton,K-Kempinski,R/Warsaw 2003/CBM 095/[Ftacnik] (36)}) 18. Nde2
(18. Nce2 e5 (18... Nxd4 $5 19. Nxd4 Bg4 20. h3 e5 $1 21. hxg4 exf4 22. Rxe8+
Qxe8 23. Qxf4 Rd8 $15 {Ftacnik}) 19. dxe6 Bxe6 20. Rad1 Nxd4 21. Nxd4 Bg4 22.
Bxb7 {1/2-1/2 Kresz,L-Kopasov,E/Chessfriend.com 2003/Telechess CBM 97 (22)}) (
18. Be3 Nxd4 (18... Nxe3 $5) 19. Bxd4 e5 20. Be3 $14 {Ftacnik This has not
been tried yet.}) 18... h6 (18... e5 19. dxe6 Bxe6 20. Qxd8 (20. Bxb7 $5) 20...
Rexd8 21. Rac1 Rd7 22. Ne4 Rxc1 23. Rxc1 Nd4 24. Nxd4 Bxd4 25. Bb8 a5 26. Ba7
Kg7 $13 {1-0 Filippov,V-Nedev,T/Istanbul 2003/CBM 096 (54)}) 19. h4 h5 {
[%csl Gf5]} 20. Rac1 Rc5 21. Red1 Nc8 {This route looks more appropriate for
the knight than a8-c7-a6 :-)} 22. Ne4 Rxc1 23. Rxc1 Ncd6 {[%csl Gd6,Gf5]} 24.
Nc5 Bc8 25. Nd3 Qb6 $11 26. Ne5 (26. Be5 Bh6 27. Bf4 Bg7 28. Be5 Bh6 29. Bf4
Bg7 {1/2-1/2 Hauchard,A-Nataf,I/Montreal 2005/CBM 105 (29).}) 26... Rd8 27. Qc3
Bd7 28. Qc7 Qxc7 29. Rxc7 {This invasion is harmless as Black's position is
very solid.} Bb5 30. Nc3 Ba6 31. Ne4 Bxe5 32. Bxe5 Ne8 33. Rc1 b6 (33... Rxd5
34. Bb8) 34. Rd1 $6 {This allows Black to improve his pawn structure.} (34. Nc3
) 34... f6 35. Bf4 (35. Bb2 $142 e5) 35... e5 $1 36. Bc1 Kf7 (36... Nd4 $142 $1
) 37. Ba3 $2 {This bishop is extremely unlucky.} (37. f4 $1 exf4 38. Bxf4 $11)
37... Nd4 38. Kh2 {White underestimates the danger.} (38. f4 $1 Ne2+ 39. Kf2
exf4 40. d6 $132) 38... Be2 $1 39. Rc1 Bf3 {After this clever exchange White
has no pair of bishops anymore and his d5 pawn becomes a decisive weekness.}
40. Bxf3 Nxf3+ 41. Kg2 Nd4 42. d6 Nb5 43. Bb4 Ke6 44. a4 Nbxd6 45. Nxd6 Nxd6 {
and Black consequently brings home his material advantage:} 46. Rc6 Rd7 47. a5
Kd5 48. Rc1 Nb5 49. axb6 axb6 50. Rc8 Nd4 51. Rf8 Nc6 52. Ba3 Ke6 53. Rc8 Ne7
54. Rb8 Nd5 55. Re8+ Kf5 56. Rc8 Ra7 57. Bc1 Ra2 58. Rd8 Ke4 59. Rg8 Rc2 60.
Bh6 Kf5 61. Rd8 Rc5 62. Rd6 Rb5 63. Bg7 e4 64. Rd8 Ke6 0-1

[Event "Tata Steel-B 73rd"]
[Site "Wijk aan Zee"]
[Date "2011.01.22"]
[Round "7"]
[White "So, Wesley"]
[Black "Navara, David"]
[Result "1-0"]
[WhiteElo "2673"]
[BlackElo "2708"]
[Annotator "Krasenkow,M"]
[PlyCount "67"]
[EventDate "2011.01.14"]
[EventType "tourn"]
[EventRounds "13"]
[EventCountry "NED"]
[EventCategory "17"]
[SourceTitle "CBM 141"]
[Source "ChessBase"]
[SourceDate "2011.03.17"]
[SourceVersion "1"]
[SourceVersionDate "2011.03.17"]
[SourceQuality "1"]

1. d4 Nf6 2. c4 g6 3. Nf3 Bg7 4. g3 d5 5. cxd5 Nxd5 6. Bg2 Nb6 7. Nc3 Nc6 8. e3
O-O 9. O-O Re8 10. Re1 a5 11. Qe2 a4 $6 {A rare move, instead of the usual} (
11... e5 {or}) (11... Be6) 12. Rd1 Be6 {This move order gives White a good
tactical possibility.} (12... Bf5 $6 13. d5 Na5 14. Nd4 Qc8 15. Nxf5 Qxf5 16.
e4 Qc8 17. e5 $16 {1-0 Diamant,A (2526)-Howell,D (2624)/Puerto Madryn 2009/EXT
2010 (30)}) (12... Ra5 $6 13. Ne5 Nxe5 14. dxe5 Bd7 15. e6 fxe6 16. Bxb7 c5 17.
Bd2 Qc7 18. Bg2 $16 {1-0 Laznicka,V (2659)-Fontaine,R (2548)/France 2010/CBM
135 Extra (51)}) (12... Bg4 13. h3 Be6 $6 {0-1 Monroy,C (2459)-Martinovic,S 
(2515)/Chur 2010/CBM 136 Extra (55)} 14. d5 $1 {is similar to the game}) (12...
Bd7 {is probably the best option for Black but still hardly satisfactory
enough:} 13. Bd2 (13. d5 Na5 14. Nd4 Qc8 15. Bd2 (15. e4 $5) 15... Bxd4 16.
exd4 Bg4 17. f3 Bh3 $13 {1-0 Ljubojevic,L (2572)-So,W (2674)/Amsterdam 2010/
CBM 138 (32)}) (13. h3 Qc8 14. Kh2 e5 15. d5 Na5 16. e4 Nac4 17. Rb1 c6 18. b3
axb3 19. axb3 Nd6 {1-0 Kempinski,R (2617)-Piorun,K (2475)/Warsaw 2009/CBM 133
Extra (51)} 20. dxc6 Qxc6 21. Be3 $14) 13... Qc8 14. Nb5 e5 15. dxe5 Nxe5 16.
Bc3 Nec4 17. Bxg7 Kxg7 18. Na3 $14 {1-0 Fressinet,L (2697)-Cornette,M (2543)/
Belfort 2010/CBM 138 (33)}) 13. d5 $1 {[%mdl 576]} Nxd5 14. Nb5 $1 (14. Nxd5
Bxd5 15. Qe1 {[%cal Re3e4]} (15. e4 Bc4 16. Qc2 Nb4 $1) (15. Ne1 e6 16. e4 Nd4
17. Rxd4 Bxd4 18. exd5 exd5 19. Qd2 a3 $1 $17) {doesn't work due to} 15... a3
$1 16. Rb1 Bxa2 $1 17. Rxd8 Rexd8 $19) 14... Qc8 15. Ng5 $1 {White destroys
the opponent's pawn structure and obtains excellent compensation for the
sacrificed pawn.} Rd8 16. Nxe6 fxe6 17. Rb1 Kh8 18. Bh3 Nf6 19. Bd2 Ra6 $6 (
19... Ne4 $142 $14) 20. Bc3 Rd5 (20... Ne8 $142) 21. Rxd5 (21. Bxe6 $5 Rxd1+
22. Rxd1 Qxe6 23. Nxc7 {, and White's rook and pawn will be much stronger than
two black knights.}) 21... Nxd5 22. Bxg7+ Kxg7 23. Qc4 Nf6 24. Rd1 Kf7 25. Qf4
Rb6 26. Qxa4 $16 {White has regained the pawn while keeping a superior pawn
structure.} Ne5 27. Nd4 c5 28. Qc2 Rd6 29. f4 Neg4 30. Re1 b6 31. Nf3 $1 Qd7 $2
{[%mdl 8192] A blunder in a poor position.} (31... Qd8 32. e4 $1 $18) (31...
Rd8 $142) 32. Bxg4 Nxg4 33. h3 Nxe3 34. Rxe3 1-0